000 01016nabaa22001937a 4500
999 _c6285
_d6285
003 OSt
005 20260129001713.0
008 190701b xxu||||| |||| 00| 0 spa d
040 _cPJ
100 _95526
_aMuñoz, Ricardo A.
245 1 3 _aEl principio only-once en la Ley Bases :
_bantecedentes e implicancias /
_cRicardo A. Muñoz.
300 _ap. 5-20
500 _aCita: TR LALEY AR/DOC/432/2025
505 _aSumario: I. Introducción. El contexto normativo.— II. Normativa vigente antes de la Ley Bases. Derecho local.— III. Antecedentes comparados del instituto.— IV. El principio en la Ley Bases: su alcance y algunas derivaciones.— V. Implicancias del principio de only-once.— VI. Palabras finales.
505 _t¿Te interesa el texto completo? Comunicate al correo: koha@justierradelfuego.gov.ar
650 0 _9211
_aDERECHO ADMINISTRATIVO
773 0 _02842
_93251
_dBuenos Aires : AbeledoPerrot, 2012-
_oDA121
_tDerecho administrativo. Nº 158 marzo/abril 2025
_z18510590
942 _2udc
_cANA